| 000 -LEADER |
| fixed length control field |
01361cam a2200349 a 4500 |
| 001 - CONTROL NUMBER |
| control field |
1673194 |
| 003 - CONTROL NUMBER IDENTIFIER |
| control field |
OkBaRHE |
| 005 - DATE AND TIME OF LATEST TRANSACTION |
| control field |
20110316130850.0 |
| 008 - FIXED-LENGTH DATA ELEMENTS--GENERAL INFORMATION |
| fixed length control field |
981112s1999 cau b 001 0 eng |
| 010 ## - LIBRARY OF CONGRESS CONTROL NUMBER |
| LC control number |
98051494 |
| 020 ## - INTERNATIONAL STANDARD BOOK NUMBER |
| International Standard Book Number |
0878082891 (alk. paper) |
| 035 ## - SYSTEM CONTROL NUMBER |
| System control number |
(DLC) 98051494 |
| 040 ## - CATALOGING SOURCE |
| Original cataloging agency |
DLC |
| Transcribing agency |
DLC |
| Modifying agency |
DLC |
| 050 00 - LIBRARY OF CONGRESS CALL NUMBER |
| Classification number |
BV 2070 |
| Item number |
.P46 1999 |
| 082 00 - DEWEY DECIMAL CLASSIFICATION NUMBER |
| Classification number |
266 |
| Edition number |
21 |
| 245 00 - TITLE STATEMENT |
| Title |
Perspectives on the world Christian movement : |
| Remainder of title |
reader |
| Statement of responsibility, etc |
editors: Ralph D. Winter, Steven C. Hawthorne ; associate editors: Darrell R. Dorr, D. Bruce Graham, Bruce A. Koch.. |
| 250 ## - EDITION STATEMENT |
| Edition statement |
3rd ed. |
| 260 ## - PUBLICATION, DISTRIBUTION, ETC. (IMPRINT) |
| Place of publication, distribution, etc |
Pasadena, Calif. : |
| Name of publisher, distributor, etc |
William Carey Library, |
| Date of publication, distribution, etc |
1999. |
| 300 ## - PHYSICAL DESCRIPTION |
| Extent |
xviii, 782 p. : |
| Other physical details |
ill. ; |
| Dimensions |
26 cm. |
| 504 ## - BIBLIOGRAPHY, ETC. NOTE |
| Bibliography, etc |
Includes bibliographical references and indexes. |
| 650 #0 - SUBJECT ADDED ENTRY--TOPICAL TERM |
| Topical term or geographic name as entry element |
Missions. |
| 9 (RLIN) |
788 |
| 650 #0 - SUBJECT ADDED ENTRY--TOPICAL TERM |
| Topical term or geographic name as entry element |
Evangelistic work. |
| 9 (RLIN) |
22 |
| 700 1# - ADDED ENTRY--PERSONAL NAME |
| Personal name |
Winter, Ralph D. |
| 9 (RLIN) |
789 |
| 700 1# - ADDED ENTRY--PERSONAL NAME |
| Personal name |
Hawthorne, Steven C., |
| Dates associated with a name |
1953- |
| 9 (RLIN) |
790 |
| 700 1# - ADDED ENTRY--PERSONAL NAME |
| Personal name |
Dorr, Darrell R. |
| 9 (RLIN) |
791 |
| 700 1# - ADDED ENTRY--PERSONAL NAME |
| Personal name |
Graham, D. Bruce. |
| 9 (RLIN) |
792 |
| 700 1# - ADDED ENTRY--PERSONAL NAME |
| Personal name |
Koch, Bruce A. |
| 9 (RLIN) |
793 |
| 906 ## - LOCAL DATA ELEMENT F, LDF (RLIN) |
| a |
7 |
| b |
cbc |
| c |
orignew |
| d |
1 |
| e |
ocip |
| f |
19 |
| g |
y-gencatlg |
| 942 ## - ADDED ENTRY ELEMENTS (KOHA) |
| Source of classification or shelving scheme |
|
| Koha item type |
Books |